000 00791nam a2200277Ia 4500
003 OSt
005 20221006160322.0
006 a|||||r|||| 00| 0
007 ta
008 221006b |||||||| |||| 00| 0 kor d
020 _a 9788984336223 (V.2)
020 _a9788984336216 (V.1)
_cW29,000 (Total)
024 _a44,933
037 _bGift, Window on Korea
_cTextual
040 _aEASL
_cEASL
_bkor
041 _2kor
_akor
082 _aP495, P9.
100 _aShun chen Hyang University
_9672899
245 0 _aMunhwaro beaooneun Hangugo
260 _aSeoul
_bBogosa Korea
_c2009
300 _a192+172p.
_ccm.
490 _v V.1KL
650 _aKL
942 _hP495, P9.
_cTEXL
_2CC
999 _c1113025
_d1113025